Zgadnij Państwo po Obrazku - Statystyki

Ogólne statystyki
  • Ten quiz został rozwiązany 26 razy
  • Średni wynik to 6 z 14
Statystyki odpowiedzi
Obrazkowy Odpowiedź % Poprawnych
Włochy
94%
Japonia
89%
Węgry
72%
Niemcy
50%
Szwajcaria
50%
USA
50%
Polska
39%
Czechy
28%
Norwegia
28%
Francja
22%
Hiszpania
17%
Litwa
17%
Wielka Brytania
17%
Słowacja
11%
Nie znaleziono quizów pasujących do podanych kryteriów
Rozkład punktacji
Procent ludzi z każdym wynikiem
Percentyl według liczby udzielonych odpowiedzi
Twoja historia wyników
Nie rozwiązałeś tego quizu